La interactividad en la educación a distancia
Uloženo v:
| Hlavní autor: | |
|---|---|
| Médium: | Kniha |
| Jazyk: | Spanish |
| Vydáno: |
Buenos Aires :
Editorial Paidós,
1999.
|
| Edice: | Paidós. Cuestiones de educación
|
| Témata: | |
| On-line přístup: | Enlace del recurso |
| Tagy: |
Přidat tag
Žádné tagy, Buďte první, kdo vytvoří štítek k tomuto záznamu!
|
MARC
| LEADER | 00000cam a2200000 a 4500 | ||
|---|---|---|---|
| 001 | C00584052c-5 | ||
| 003 | OSt | ||
| 005 | 20160903175258.0 | ||
| 008 | 991005s1999 ag r 00010dspa d | ||
| 020 | |a 9501261263 | ||
| 040 | |c CO-BoIIE | ||
| 041 | 0 | |a spa | |
| 082 | 0 | 4 | |a 374.4 |b F16i |
| 100 | 1 | |a Fainholc, Beatriz. |9 1638 | |
| 245 | 1 | 3 | |a La interactividad en la educación a distancia |c Beatriz Fainholc. |
| 260 | |a Buenos Aires : |b Editorial Paidós, |c 1999. | ||
| 300 | |a 172 p. ; | ||
| 440 | 0 | |a Paidós. |p Cuestiones de educación |9 1639 | |
| 650 | 6 | |a Educación abierta. |9 1640 | |
| 650 | |a Educación a distancia. |9 1641 | ||
| 942 | |2 ddc |c BK | ||
| 949 | |a n |b n | ||
| 999 | |c 5066 |d 5066 | ||
| 856 | |u https://catalogo.idep.edu.co/cgi-bin/koha/opac-detail.pl?biblionumber=5066 |z Enlace del recurso | ||